000 00675nam a2200205Ia 4500
005 20250310141246.0
008 131103s9999 xx 000 0 und d
040 _aLoreto College
041 _aEnglish
082 _a954.01
_bKAU
100 _aKautilya
245 _aKautilya's Arthasastra
_ctranslated by R.Shamastry; with an introduction note by J.F.Fleet
260 _aBangalore
_bPrinted at the Government Press
_c1915
300 _axxxii,543 p.
440 _aGovernment Oriental Library Series; Bibliotheca Sanskrita No.37,Part II
504 _aIncludes index and bibliographical references
650 _aAncient Indian History
850 _aLCLIB
942 _cBK
999 _c9243
_d59722